An investigation into in, at, on and to and how they are used by Vietnamese high school learners /

Đã lưu trong:
书目详细资料
主要作者: Phan Xuân Sơn
格式: 未知
语言:English
出版: 2000.
主题:
标签: 添加标签
没有标签, 成为第一个标记此记录!
Thư viện lưu trữ: Mạng thư viện Đại học Đà Nẵng
LEADER 01177na a2200313 4500
001 000031217
003 5828
005 20230308080641.0
008 151001s2000 000 eng
040 |a LNN 
041 |a eng 
082 |a 420.4  |b PH-S 
100 |a Phan Xuân Sơn 
245 3 |a An investigation into in, at, on and to and how they are used by Vietnamese high school learners /  |c Phan Xuân Sơn. 
260 |c 2000. 
300 |a 47tr. : mh ; 30cm. 
650 |a An investigation into in, at, on and to and how they are used by Vietnamese high school learners, Phan Xuân Sơn, 2000 
852 |b P.Doc  |c Luận văn sinh viên 
OWN |a LNN 
AVA |a UDN50  |b LNN  |c English  |d 420.4 PH-S  |e available  |t Error 5001 Not defined in file expand_doc_bib_avail.  |f 1  |g 0  |h N  |i 0  |j AN  |k 1 
999 |a From the UDN01 
AVA |a UDN50  |b LNN  |c English  |d 420.4 PH-S  |e available  |t Error 5001 Not defined in file expand_doc_bib_avail.  |f 1  |g 0  |h N  |i 0  |j AN  |k 1 
TYP |a Printed language 
980 |a Mạng thư viện Đại học Đà Nẵng